| 000 | 00402nam a2200169Ia 4500 | ||
|---|---|---|---|
| 005 | 20250305010753.0 | ||
| 008 | 240331s9999 xx 000 0 und d | ||
| 082 |
_bAMA _a894 |
||
| 100 | _aAmarasekara,G | ||
| 245 | 0 | _aGamanaka mula | |
| 260 |
_aColombo _bLakehouse Investment Company _c1984 |
||
| 300 | _a201 p., | ||
| 650 | _aPolitical | ||
| 650 | _aCeylon History | ||
| 650 | _aStrory | ||
| 942 | _cL | ||
| 999 |
_c4940 _d4940 |
||